000 00915nam a2200301 i 4500
001 17281
003 ES-MaACL
005 20240429130806.0
007 t|
008 010124s2000 sp ||||0| spa j
020 _a84-8310-670-1
040 _aM-BN
_bspa
_cM-BN
080 _a929 Cioran, Emile Michel
100 1 _aCioran, E. M.
_938864
245 1 0 _aCuadernos, 1957-1972 /
_cE.M. Cioran ; selección de Verena von der Heyden-Rynsch ; traducción de Carlos Manzano.
250 _a1ª ed.
260 _aBarcelona :
_bTusquets,
_c2000.
300 _a265 p. ;
_c22 cm.
490 1 _aMarginales ;
_v184
600 1 4 _aCioran, E. M.
_938864
700 1 _aHeyden-Rynsch, Verena von der.
_963524
700 1 _aManzano, Carlos.
_976216
830 0 0 _aMarginales ;
_v184
_9236110
852 _aES-MaACL
_jL-24140
_bR.129458
942 _2udc
999 _c17281
_d17281